Normal view
MARC view
Entry Personal Name
001 - CONTROL NUMBER
- control field: 244936
003 - CONTROL NUMBER IDENTIFIER
- control field: OSt
005 - DATE AND TIME OF LATEST TRANSACTION
- control field: 20251111103616.0
008 - FIXED-LENGTH DATA ELEMENTS
- fixed length control field: 251111|| aca||aabn | a|a d
040 ## - CATALOGING SOURCE
- Original cataloging agency: OSt
- Transcribing agency: OSt
100 ## - HEADING--PERSONAL NAME
- Personal name: JAYADEVAPPA JAINAKERI
- Dates associated with a name: ಜಯದೇವಪ್ಪ ಜೈನಕೇರಿ
670 ## - SOURCE DATA FOUND
- Source citation: Work cat.: (OSt)120605: JAYADEVAPPA JAINAKERI ಜಯದೇವಪ್ಪ ಜೈನಕೇರಿ, Kannada kavi kavyavalokana: kri sha 1600 varege samputa 1, 2015